| 000 | 00566nam a2200181Ia 4500 | ||
|---|---|---|---|
| 003 | GCL | ||
| 008 | 140319s9999 xx 000 0 ara d | ||
| 040 |
_aGCL / _cGCL |
||
| 082 | 0 | 4 |
_a621.4 _bم م |
| 100 | 1 | _aمحمد خضير حماوى | |
| 245 | 1 | 0 |
_aموسوعة هندسة الحمايات الكهربائية / _cمحمد خضير حماوى |
| 260 |
_a[S.N] : _bدار الراتب الجامعية |
||
| 300 | _aمتعدد | ||
| 490 | _a | ||
| 650 | 0 | 4 | _aالطاقة الكهربائية |
| 650 | 0 | 4 | _aالهندسة الكهربية |
| 942 |
_2ddc _cBK |
||
| 999 |
_c56267 _d56267 |
||